[Event "USA-chJ"]
[Site "?"]
[Date "1986.??.??"]
[Round "?"]
[White "Fishbein, Alexander"]
[Black "Burnett, Ronald"]
[Result "1-0"]
[WhiteElo "2350"]
[BlackElo "2200"]

1.e4 c5 2.Nf3 e6 3.d4 cxd4 4.Nxd4 Nf6 5.Nc3 d6 6.Be2 Be7 7.O-O O-O 8.f4 Nc6
9.Kh1 e5 10.Nb3 a5 11.a4 Bd7 12.Bf3 exf4 13.Bxf4 Ne5 14.Nd4 Qb6 15.Ndb5 Bc6
16.Qe2 Qc5 17.Rad1 Qb4 18.b3 Rac8 19.Be3 Bxb5 20.Nxb5 Nc6 21.Bf2 Nd7 22.Rd5 Nf6
23.Be1 Nxd5 24.exd5 Qc5 25.Bf2 Qb4 26.dxc6 bxc6 27.Na7 Rce8 28.Bxc6  1-0

[Event "USA-chJ"]
[Site "?"]
[Date "1986.??.??"]
[Round "?"]
[White "Fishbein, Alexander"]
[Black "Gurevich, Ilya"]
[Result "1/2-1/2"]
[WhiteElo "2350"]
[BlackElo "2295"]

1.e4 e5 2.Nf3 Nc6 3.Bb5 g6 4.c3 a6 5.Ba4 d6 6.O-O Bg7 7.d4 Bd7 8.Be3 Nf6
9.Nbd2 O-O 10.h3 exd4 11.cxd4 Re8 12.d5 Ne5 13.Nxe5 Rxe5 14.Bc2 Re7 15.Bg5 h6
16.Bh4 c6 17.dxc6 Bxc6 18.Re1 g5 19.Bg3 d5 20.e5 Nd7 21.Nf3 Qe8 22.Qd3 Nf8
23.Nd4 Bd7 24.Nf5 Bxf5 25.Qxf5 Qd7 26.Qf3 Rae8 27.Bf5 Qb5 28.Qc3 d4 29.Qxd4 Bxe5
30.Bxe5 Rxe5 31.Rxe5 Qxe5 32.Qxe5 Rxe5 33.Bc8 Re7 34.Rc1 Ne6 35.Rc4 Kf8 36.Rb4 Nc5
37.Rb6 Rc7 38.Bf5 Kg7 39.Kf1 Na4 40.Rb4 b5 41.Ke2 Rc1 42.a3  1/2-1/2

[Event "USA-chJ"]
[Site "?"]
[Date "1986.??.??"]
[Round "?"]
[White "Fishbein, Alexander"]
[Black "Lief, Adam"]
[Result "1/2-1/2"]
[WhiteElo "2350"]
[BlackElo "2250"]

1.e4 g6 2.d4 Bg7 3.Nf3 d6 4.Nc3 Nd7 5.Be3 e5 6.Bc4 Ngf6 7.h3 exd4 8.Nxd4 O-O
9.O-O Re8 10.Nf3 Nf8 11.Re1 Be6 12.Bxe6 Nxe6 13.Ng5 h6 14.Nxe6 Rxe6 15.Qd3 Qe8
16.Nd5 Qd7 17.Bd4 Rae8 18.Bxf6 Bxf6 19.Nxf6+ Rxf6 20.Qd4 Rfe6 21.Re3 a6 22.Rae1 Qe7
23.Qb4 b6 24.Qc4 a5 25.Rc3 Rc8 26.f3 Re5 27.Rd1 Kh7 28.Rd5 h5 29.Qc6 h4 30.Rxe5 dxe5
31.Qb7 Qg5 32.f4 Qd8 33.Rd3 Qf8 34.fxe5 Qc5+ 35.Kh1 Qxc2 36.Qxc8 Qxd3 37.Qxc7 Qf1+
38.Kh2 Qf4+ 39.Kh1 Qf1+ 40.Kh2 Qf4+ 41.Kh1  1/2-1/2

[Event "USA-chJ"]
[Site "?"]
[Date "1986.??.??"]
[Round "?"]
[White "Fishbein, Alexander"]
[Black "Litvinchuk, John"]
[Result "1/2-1/2"]
[WhiteElo "2350"]
[BlackElo "2285"]

1.e4 c5 2.Nf3 Nc6 3.d4 cxd4 4.Nxd4 Nf6 5.Nc3 d6 6.Be2 e5 7.Nf3 h6 8.O-O Be7
9.Re1 O-O 10.h3 Be6 11.Bf1 Qa5 12.Bd2 Qb6 13.b3 Nd4 14.Na4 Qc6 15.Nxd4 exd4
16.Bd3 d5 17.e5 Ne4 18.Bf4 b5 19.Nb2 Bb4 20.Rf1 Bc3 21.Rb1 f6 22.Qe2 fxe5
23.Bxe5 Nd2 24.Qh5 Qe8 25.Qxe8 Rfxe8 26.Bxb5 Re7 27.Na4 Nxb1 28.Rxb1 Bf5
29.Nxc3 Rxe5 30.f4 Re6 31.Nxd5 Bxc2 32.Rf1 Rd6 33.Bc4 Kh8 34.Rf2 Be4 35.Nc7 Rad8
36.Rd2 Bf5 37.Kf2 R6d7 38.Na6 Re7 39.Nb4 Rd6 40.Nd5 Red7 41.Nb4 a5 42.Nd3 Bxd3
43.Rxd3 Re7 44.g3 Kh7 45.Rd2 Kg6 46.Rd3 Kf6 47.Rd2 Re3 48.Rxd4 Rxd4 49.Kxe3 Rd1
50.Kf3 Rc1 51.a4 Rc3+ 52.Kg4 Re3 53.Bd5 Ke7 54.Bc4 Kd6 55.Kh4  1/2-1/2

[Event "USA-chJ"]
[Site "?"]
[Date "1986.??.??"]
[Round "?"]
[White "Fishbein, Alexander"]
[Black "Rachels, Stuart"]
[Result "1-0"]
[WhiteElo "2350"]
[BlackElo "2350"]

1.e4 c5 2.Nf3 d6 3.d4 cxd4 4.Nxd4 Nf6 5.Nc3 g6 6.Be2 Bg7 7.O-O O-O 8.Nb3 Nc6
9.Bg5 a6 10.a4 Rb8 11.f4 b5 12.axb5 axb5 13.Bf3 Be6 14.Nd5 Nd7 15.c3 b4 16.Kh1 Nb6
17.cxb4 Nc4 18.Qe2 Nxb2 19.b5 Bxd5 20.exd5 Nb4 21.Bxe7 Qb6 22.Bxf8 Kxf8 23.Rab1 N2d3
24.Be4 Re8 25.Qf3 Qxb5 26.Bxd3 Qxd3 27.Qxd3 Nxd3 28.Rbd1 Re3 29.Na5 Nb2 30.Rc1 Bc3
31.Rc2 Rd3 32.Nc6 Bf6 33.Nb4 Rb3 34.Na2 Rd3 35.Nb4 Rb3 36.Na6 Rd3 37.Nc7 Nd1
38.Rc1 Nc3 39.Rf3 Rd2 40.h3 Nxd5 41.Nxd5 Rxd5 42.Rc7 h5 43.g4 Rd1+ 44.Kg2 Rd2+
45.Kf1 Bd4 46.f5 hxg4 47.hxg4 gxf5 48.Rxf5 Kg7 49.Rcxf7+ Kg6 50.Re7 Be5 51.Re6+ Kg7
52.g5 Rd1+ 53.Kf2 Rd2+ 54.Kf3 Rd3+ 55.Kg4 Rg3+ 56.Kh4 Rg2 57.Rf3 Rg1 58.Kh5 Rh1+
59.Kg4 Rh8 60.Rb3 Rf8 61.Rb7+ Rf7 62.Rxf7+ Kxf7 63.Kf5 Bg3 64.Re3 Be5 65.Rb3 Kf8
66.Rb7 Bc3 67.Rd7 Be5 68.Kg6 Ke8 69.Rb7 Bf4 70.Rb5 Ke7 71.Kh7 Bd2 72.g6 Bc3
73.g7 Bxg7 74.Kxg7 Ke6 75.Rh5 d5 76.Kg6 d4 77.Ra5  1-0

[Event "USA-chJ"]
[Site "?"]
[Date "1986.??.??"]
[Round "?"]
[White "Rao, Vivek"]
[Black "Fishbein, Alexander"]
[Result "1/2-1/2"]
[WhiteElo "2405"]
[BlackElo "2350"]

1.d4 Nf6 2.Nf3 c5 3.d5 b5 4.Bg5 Bb7 5.Bxf6 exf6 6.e4 Qe7 7.Qe2 g6 8.Nbd2 Bg7
9.Qxb5 Bxd5 10.Bc4 Bxc4 11.Qxc4 O-O 12.O-O Nc6 13.Rad1 Rab8 14.Rb1 Rb4 15.Qd3 Re8
16.b3 Rbb8 17.c3 Qe6 18.Rfe1 Ne7 19.Nc4 d5 20.exd5 Qxd5 21.Rbd1 Qxd3 22.Rxd3 Nc6
23.Rd5 Rxe1+ 24.Nxe1 Re8 25.Ne3 Rd8 26.Nd3 Bf8 27.Rxd8 Nxd8 28.Nd5 f5 29.b4 cxb4
30.cxb4 Nc6 31.b5 Nd4 32.a4 Bd6 33.N3b4 Bxb4 34.Nxb4 Kf8 35.Nd5 Ke8 36.f3 Kd7
37.Kf2 Kd6 38.b6 axb6 39.Nxb6 Kc5 40.Nd7+ Kd6 41.Nb6 Kc5 42.Nd7+ Kb4 43.Nf8 Kxa4
44.Ke3 Nc2+ 45.Kd2 Nb4 46.Kc3 Kb5 47.Nxh7 Kc5 48.Nf6  1/2-1/2

[Event "USA-op"]
[Site "Los Angeles"]
[Date "1987.??.??"]
[Round "2"]
[White "Pellant, Timothy"]
[Black "Fishbein, Alexander"]
[Result "1/2-1/2"]
[WhiteElo "2265"]
[BlackElo "2410"]

1.d4 Nf6 2.c4 c5 3.d5 b5 4.cxb5 a6 5.bxa6 g6 6.Nc3 Bxa6 7.f4 Bg7 8.Nf3 d6
9.e4 Bxf1 10.Rxf1 Qb6 11.Kf2 c4+ 12.Kg3 Nbd7 13.Qe2 Nc5 14.e5 Nh5+ 15.Kh3 Nb3
16.Be3 Nxa1 17.Rxa1 Qc7 18.g4 Qc8 19.Kh4 Nxf4 20.Bxf4 dxe5 21.Nxe5 g5+ 22.Bxg5 f6
23.Bxf6 Bxf6+ 24.g5 Bxe5 25.Qxe5 O-O 26.d6 exd6 27.Qd5+  1/2-1/2

[Event "New York op"]
[Site "New York"]
[Date "1987.??.??"]
[Round "?"]
[White "Ivkov, Borislav"]
[Black "Fishbein, Alexander"]
[Result "1-0"]
[WhiteElo "2480"]
[BlackElo "2410"]

1.Nf3 Nf6 2.c4 c5 3.e3 g6 4.b3 Bg7 5.Bb2 O-O 6.Be2 Nc6 7.O-O b6 8.d4 cxd4
9.Nxd4 Nxd4 10.Bxd4 Bb7 11.Bf3 Bxf3 12.Qxf3 Qc7 13.Nc3 e5 14.Nb5 Qb8 15.Bb2 e4
16.Qe2 d5 17.cxd5 a6 18.Nc3 b5 19.Rad1 Qd6 20.Rd4 Rfe8 21.f3 exf3 22.Qxf3 Ra7
23.Rf4 Qc5 24.Nd1 Nxd5 25.b4 Qd6 26.Rxf7 Rf8 27.Rxa7 Rxf3 28.Rxg7+ Kf8 29.Rxf3+ Ke8
30.Rff7 Qxb4 31.Bd4 Qe1+ 32.Rf1 Qb4 33.h3 Ne7 34.g4 Qd6 35.Rf3 h5 36.Nf2 Nd5
37.Ne4 Qe6 38.Nf6+ Nxf6 39.Rxf6  1-0

[Event "New York op"]
[Site "New York"]
[Date "1987.??.??"]
[Round "?"]
[White "Fishbein, Alexander"]
[Black "Csom, Istvan"]
[Result "0-1"]
[WhiteElo "2410"]
[BlackElo "2485"]

1.e4 c5 2.Nf3 a6 3.Nc3 d6 4.d4 Nd7 5.Be2 e6 6.O-O Be7 7.a4 b6 8.Be3 cxd4
9.Nxd4 Bb7 10.f4 Ngf6 11.Bf3 Rc8 12.Qe2 Qc7 13.g4 Nc5 14.Qg2 d5 15.exd5 Nxd5
16.Nxd5 Bxd5 17.Bxd5 exd5 18.Qxd5 O-O 19.Nf5 Rfe8 20.c3 Bf8 21.Bd4 Nd3 22.Bxg7 Qc5+
23.Qxc5 Bxc5+ 24.Bd4 Nxb2 25.Rfe1 Re6 26.Kf1 Nd3 27.Rxe6 fxe6 28.Nh6+ Kf8
29.f5 e5 30.Rd1 e4 31.Ke2 Bxd4 32.cxd4 Nf4+ 33.Kd2 Nd5 34.Re1 e3+ 35.Kd3 Re8
36.g5 Nf4+ 37.Kc2 e2 38.Kd2 Re4 39.f6 Rxd4+ 40.Kc2 Rxa4 41.Kb3 Rd4  0-1

[Event "New York op"]
[Site "New York"]
[Date "1987.??.??"]
[Round "?"]
[White "Schorr, Leon"]
[Black "Fishbein, Alexander"]
[Result "0-1"]
[WhiteElo "2230"]
[BlackElo "2410"]

1.g3 Nf6 2.f4 g6 3.Bg2 d5 4.Nf3 Bg7 5.O-O O-O 6.d3 c5 7.c3 Nc6 8.Qc2 d4 9.Na3 Nd5
10.Bd2 Nb6 11.Rae1 Be6 12.e4 dxe3 13.Rxe3 Nd5 14.Ree1 Rc8 15.Nc4 b5 16.Nce5 Nxe5
17.Nxe5 Qd6 18.Rf2 Rfd8 19.Bc1 Nb6 20.Re3 f6 21.Nf3 Nd5 22.Re1 b4 23.Rfe2 Nc7
24.d4 bxc3 25.bxc3 Bc4 26.Rxe7 Be6 27.R7xe6 Nxe6 28.f5 gxf5 29.Qxf5 Re8 30.Ba3 Qa6
31.Bxc5 Nxc5 32.dxc5 Qxa2 33.Rf1 Qc4 34.Kh1 Qxc5 35.Nh4  0-1

[Event "Philadelphia op"]
[Site "Philadelphia"]
[Date "1987.??.??"]
[Round "?"]
[White "Fishbein, Alexander"]
[Black "Dehmelt, Karl"]
[Result "1-0"]
[WhiteElo "2410"]
[BlackElo "2350"]

1.e4 e5 2.Nf3 Nc6 3.Bb5 a6 4.Ba4 Nf6 5.O-O Be7 6.Re1 b5 7.Bb3 O-O 8.a4 Bb7
9.d3 d6 10.Nc3 b4 11.Ne2 Na5 12.Ba2 c5 13.Ng3 b3 14.Bxb3 Nxb3 15.cxb3 Ne8
16.Nd2 g6 17.Nc4 Ng7 18.Bd2 a5 19.Rf1 Ne6 20.Qe1 Nd4 21.Bxa5 Qe8 22.Qd1 f5
23.f3 f4 24.Ne2 Nc6 25.Be1 g5 26.Nc3 Qg6 27.Nd5 Rf7 28.b4 cxb4 29.Bxb4 Nxb4
30.Nxb4 h5 31.a5 Bd8 32.a6 Bc8 33.Nc6 Bc7 34.Qb3 Kh7 35.Nb6 Rxa6 36.Rxa6 Bxa6
37.Nd5 Qg7 38.Ra1 Bc8 39.Ra8 Be6 40.Re8 Bxd5 41.Qxd5 g4 42.Qxf7 Qxf7 43.Re7 Kg7
44.Kf1 Kf6 45.Rxf7+ Kxf7 46.Ke2 Bb6 47.Nb4 Kg6 48.Nd5 Bg1 49.h3 Kg5 50.b4 Ba7
51.hxg4 hxg4 52.b5 Kh4 53.fxg4 Kg3 54.Kf1 Kxg4 55.b6  1-0

[Event "Philadelphia op"]
[Site "Philadelphia"]
[Date "1987.??.??"]
[Round "?"]
[White "Browne, Walter S"]
[Black "Fishbein, Alexander"]
[Result "1-0"]
[WhiteElo "2495"]
[BlackElo "2410"]

1.d4 Nf6 2.c4 c5 3.d5 b5 4.Nf3 b4 5.Nbd2 d6 6.e4 Nbd7 7.b3 g6 8.Bb2 Bg7 9.Bd3 O-O
10.Qc2 Re8 11.O-O e6 12.dxe6 Rxe6 13.Ng5 Re8 14.f4 Bb7 15.Rae1 Nh5 16.Bxg7 Nxg7
17.Ndf3 Ne6 18.Nxe6 Rxe6 19.Qf2 Re8 20.Ng5 h6 21.Nf3 Qf6 22.Qg3 Qg7 23.Qf2 a5
24.Bb1 a4 25.Qd2 axb3 26.axb3 Qf8 27.e5 Bxf3 28.Rxf3 Rad8 29.Rd3 Nb6 30.Rd1 Nc8
31.Bc2 Ne7 32.Rxd6 Nc6 33.Qd5 Nd4 34.Rxd4 Rxd6 35.exd6 cxd4 36.Bxg6 Ra8 37.c5 Ra1+
38.Kf2 Qe8 39.Be4 Qd8 40.Kg3 Rc1 41.c6 Rc3+ 42.Kg4 Qe8 43.d7 Qd8 44.Qxd4 Rc1
45.Qe5 h5+ 46.Kxh5 Kf8 47.Qh8+ Ke7 48.Qe5+ Kf8 49.Qd6+ Kg8 50.Qh6 Rc5+ 51.Kg4  1-0

[Event "US op"]
[Site "?"]
[Date "1987.??.??"]
[Round "6"]
[White "Fishbein, Alexander"]
[Black "Browne, Walter S"]
[Result "1/2-1/2"]
[WhiteElo "2410"]
[BlackElo "2495"]

1.e4 c5 2.Nf3 d6 3.d4 cxd4 4.Nxd4 Nf6 5.Nc3 a6 6.Be2 e5 7.Nb3 Be7 8.O-O O-O
9.Re1 Be6 10.Bf1 Nbd7 11.Nd5 Nxd5 12.exd5 Bf5 13.a4 Rc8 14.c3 g5 15.g4 Bg6
16.Bd3 Nb6 17.a5 Nd7 18.Qc2 Nf6 19.Bxg6 fxg6 20.Qd1 Qd7 21.h3 Rf7 22.Qd3 Rcf8
23.Nd2 h5 24.Ne4 Nh7 25.Re3 hxg4 26.hxg4 Qxg4+ 27.Rg3 Rf3 28.Qxf3 Qxf3 29.Rxf3 Rxf3
30.Be3 Nf6 31.Nxf6+ Bxf6 32.Ra4 Bd8 33.Rg4  1/2-1/2

[Event "US op"]
[Site "?"]
[Date "1987.??.??"]
[Round "9"]
[White "Fishbein, Alexander"]
[Black "Weeramantry, Sunil"]
[Result "1-0"]
[WhiteElo "2410"]
[BlackElo "2225"]

1.e4 d6 2.d4 g6 3.Nf3 Bg7 4.Nc3 Nf6 5.h3 O-O 6.Be3 c6 7.a4 a5 8.Be2 Qc7 9.O-O e5
10.dxe5 dxe5 11.Bc4 Nh5 12.Qd2 Nf4 13.Rfd1 Be6 14.Bxf4 Bxc4 15.Bh6 Bxh6 16.Qxh6 f6
17.b3 Be6 18.Qe3 Na6 19.Ne1 Rfd8 20.Nd3 Nb4 21.Nxb4 axb4 22.Ne2 Rxd1+ 23.Rxd1 Rd8
24.Rd3 Rxd3 25.Qxd3 Qd7 26.Nc1 c5 27.Kf1 Qxd3+ 28.Nxd3 b6 29.a5 bxa5 30.Nxc5 Kf7
31.Nb7  1-0

[Event "USA-chJ"]
[Site "USA"]
[Date "1987.??.??"]
[Round "?"]
[White "Fishbein, Alexander"]
[Black "Rachels, Stuart"]
[Result "1-0"]
[WhiteElo "2410"]
[BlackElo "2355"]

1.e4 c5 2.Nf3 d6 3.d4 cxd4 4.Nxd4 Nf6 5.Nc3 g6 6.Be2 Bg7 7.O-O Nc6 8.Nb3 O-O
9.Bg5 Be6 10.f4 b5 11.Bf3 Rc8 12.Kh1 Bc4 13.Re1 Nd7 14.Rb1 Re8 15.Nd5 a5
16.Bg4 a4 17.Nc1 Na5 18.Rf1 Nb7 19.Nd3 Na5 20.Qd2 Nb7 21.a3 Rc7 22.Nxc7 e5
23.Nc5 dxc5 24.Qc3 Re7 25.fxe5 Qf8 26.Qd3 Qe8 27.Qd1 Qa8 28.Ne6 Qa5 29.Qc1 Qb6
30.Re1 Ba2 31.Qe3 Nd6 32.Qg1 Qb8 33.c4 Qd8 34.Rbc1 Nf6 35.Qf1 Bb3 36.Rc2 Ra7
37.Nxg7 Kf8 38.exf6  1-0

[Event "USA-chJ"]
[Site "USA"]
[Date "1987.??.??"]
[Round "?"]
[White "Lief, Adam"]
[Black "Fishbein, Alexander"]
[Result "1/2-1/2"]
[WhiteElo "2280"]
[BlackElo "2410"]

1.d4 Nf6 2.c4 c5 3.d5 b5 4.cxb5 a6 5.bxa6 g6 6.g3 Bxa6 7.Bg2 d6 8.b3 Bg7
9.Bb2 O-O 10.Nh3 Nbd7 11.O-O Ra7 12.Qd2 Qa8 13.Nf4 Rb8 14.Bc3 Rab7 15.Qc2 Ne8
16.Nd2 Bxc3 17.Qxc3 Ne5 18.Nd3 Bxd3 19.exd3 Nc7 20.Nc4 Nb5 21.Qd2 Nxc4 22.dxc4 Nd4
23.Rab1 Qa3 24.Rb2 Ra7 25.Re1 Rb4 26.h4 h5 27.Qc3 Rxc4 28.Qd2 Rb4 29.Be4 Rb8
30.Rbb1 Kg7 31.Kg2 Qxa2 32.Qg5 Qa5 33.Bxg6 fxg6 34.Rxe7+ Rxe7 35.Qxe7+ Kg8
36.Qf6 Qc7 37.Qxg6+ Qg7 38.Qxd6 Rf8 39.Qxc5 Qf6 40.f4 Qf5 41.Re1 Qd3 42.Qe7 Qf3+
43.Kh3 Qg4+ 44.Kg2 Qf3+ 45.Kh3 Qg4+ 46.Kg2  1/2-1/2

[Event "USA-chJ"]
[Site "USA"]
[Date "1987.??.??"]
[Round "?"]
[White "Fishbein, Alexander"]
[Black "Edelman, Daniel"]
[Result "1-0"]
[WhiteElo "2410"]
[BlackElo "2330"]

1.e4 e6 2.d4 d5 3.Nc3 Bb4 4.exd5 exd5 5.Bd3 Nc6 6.a3 Bxc3+ 7.bxc3 Nf6 8.Bg5 O-O
9.Ne2 Bg4 10.O-O Qd6 11.Qd2 Bh5 12.Ng3 Bg6 13.f4 Bxd3 14.cxd3 Rae8 15.f5 Nb8
16.Bxf6 Qxf6 17.Qf2 c6 18.Qf4 Qd8 19.Nh5 f6 20.Rf3 Rf7 21.Qh4 Nd7 22.Raf1 Nf8
23.Rg3 Qe7 24.h3 b5 25.Rf4 Qe1+ 26.Kh2 Re3 27.Rff3 Rxf3 28.Rxg7+ Rxg7 29.Qxe1 Rxf5
30.Nxg7 Kxg7 31.Qe7+ Kg8 32.Qxa7 Ng6 33.Qd7 Rg5 34.Qxc6 Nf4 35.Qc8+  1-0

[Event "US op"]
[Site "Boston"]
[Date "1988.??.??"]
[Round "?"]
[White "Wharton, William"]
[Black "Fishbein, Alexander"]
[Result "0-1"]
[WhiteElo "2235"]
[BlackElo "2435"]

1.d4 Nf6 2.c4 c5 3.Nf3 cxd4 4.Nxd4 b6 5.Nc3 Bb7 6.Bg5 a6 7.Qc2 Qc7 8.e4 e6
9.Bd3 Be7 10.O-O-O Nc6 11.Nxc6 Bxc6 12.Kb1 h6 13.Bh4 Nxe4 14.Bxe7 Nxc3+ 15.Qxc3 Kxe7
16.Qxg7 b5 17.cxb5 axb5 18.Qc3 Qa5 19.Qxa5 Rxa5 20.Rhg1 Rha8 21.a3 Bd5 22.Rc1 b4
23.axb4 Ra4 24.Kc2 Rxb4 25.g3 Rab8 26.Kd2 Rxb2+ 27.Ke3 R8b3 28.Rgd1 f5 29.h4 Be4
30.f3 Bxd3 31.Rxd3 Rxd3+ 32.Kxd3 Rg2  0-1

[Event "US op"]
[Site "Boston"]
[Date "1988.??.??"]
[Round "?"]
[White "Fishbein, Alexander"]
[Black "Kopec, Danny"]
[Result "1-0"]
[WhiteElo "2435"]
[BlackElo "2405"]

1.e4 c5 2.Nf3 Nc6 3.d4 cxd4 4.Nxd4 Nf6 5.Nc3 d6 6.Be2 e5 7.Nf3 Be7 8.O-O h6
9.Re1 O-O 10.Bf1 Bg4 11.h3 Bh5 12.g4 Bg6 13.Bg2 Rc8 14.a3 Na5 15.Nh2 a6 16.Nf1 Rc4
17.Qe2 h5 18.Bd2 Nc6 19.Ne3 Nd4 20.Qd1 Rc8 21.Rc1 Re8 22.Ned5 Ne6 23.Be3 Nxd5
24.Nxd5 Bg5 25.Qd2 Rc4 26.Bxg5 Nxg5 27.f3 Rd4 28.Qe3 Ne6 29.Red1 f6 30.c3 Rxd5
31.Rxd5 Nf4 32.Rd2 d5 33.exd5 Qd6 34.c4 e4 35.c5 Qe5 36.fxe4 Nxg2 37.Rxg2 Bxe4
38.Rf2 Qxd5 39.c6 Bg6 40.Rd2 Qe5 41.c7 Be4 42.c8=Q  1-0

[Event "US op"]
[Site "Boston"]
[Date "1988.??.??"]
[Round "?"]
[White "Miranda, Marcio MC"]
[Black "Fishbein, Alexander"]
[Result "0-1"]
[WhiteElo "2295"]
[BlackElo "2435"]

1.d4 Nf6 2.c4 c5 3.d5 b5 4.cxb5 a6 5.f3 axb5 6.e4 Qa5+ 7.Bd2 b4 8.Na3 d6
9.Nc4 Qc7 10.Bf4 Nbd7 11.Nh3 g6 12.Qd2 Ba6 13.Nf2 Bg7 14.Bh6 Bxh6 15.Qxh6 Nb6
16.Qc1 O-O 17.Be2 Bxc4 18.Bxc4 Nxc4 19.Qxc4 Ra5 20.O-O Qa7 21.Rfe1 Ra8 22.e5 dxe5
23.Rxe5 Rxa2 24.Rae1 Rxb2 25.Nd3 Rd2 26.Rxe7 Qa2 27.Qf4 Rxg2+ 28.Kh1 Rf8
29.Qh6 Nh5  0-1

[Event "World op"]
[Site "Philadelphia"]
[Date "1988.??.??"]
[Round "?"]
[White "Fishbein, Alexander"]
[Black "Fedorowicz, John P"]
[Result "1/2-1/2"]
[WhiteElo "2435"]
[BlackElo "2560"]

1.e4 c5 2.Nf3 d6 3.d4 cxd4 4.Nxd4 Nf6 5.Nc3 Nc6 6.Be2 e5 7.Nf3 h6 8.O-O Be7
9.Re1 O-O 10.Bf1 a6 11.Nd5 Nxd5 12.exd5 Nb8 13.c4 Nd7 14.Be3 a5 15.c5 e4
16.cxd6 Bxd6 17.Nd2 Nf6 18.g3 Nxd5 19.Nxe4 Nxe3 20.Rxe3 Be7 21.Rd3 Qb6 22.Rb3 Qg6
23.Bg2 a4 24.Re3 Be6 25.Qe2 Ra5 26.Nc3 Rd8 27.Rd1 Rxd1+ 28.Qxd1 a3 29.bxa3 Qg5
30.Ne4 Qb5 31.Qc1 Qd7 32.h4 Rd5 33.Qb2 Rb5 34.Qc2 Qd4 35.Nc3 Rc5 36.Qd3 Qxd3
37.Rxd3 b6 38.a4 g5 39.hxg5 hxg5 40.Nd5 Rc1+ 41.Kh2 Bc5 42.Nf6+ Kg7 43.Ne4 Be7
44.Rd2 Ra1 45.Rb2 Rxa2  1/2-1/2

[Event "World op"]
[Site "Philadelphia"]
[Date "1988.??.??"]
[Round "?"]
[White "Fishbein, Alexander"]
[Black "Alburt, Lev O"]
[Result "0-1"]
[WhiteElo "2435"]
[BlackElo "2535"]

1.e4 Nf6 2.e5 Nd5 3.d4 d6 4.Nf3 g6 5.Bc4 Nb6 6.Bb3 Bg7 7.Ng5 e6 8.Qf3 Qd7
9.Ne4 dxe5 10.Bg5 Qb5 11.c3 Qa5 12.d5 O-O 13.dxe6 Bxe6 14.Bxe6 fxe6 15.Qg4 Rf5
16.O-O N8d7 17.Rd1 Re8 18.g3 Qa4 19.b3 Qc6 20.c4 Nc8 21.Nbc3 Nc5 22.Nxc5 Qxc5
23.Be3 Qc6 24.Rac1 a6 25.a4 Rf7 26.Qe4 Ne7 27.g4 Qxe4 28.Nxe4 Nc6 29.Ng5 Rf6
30.Rd7 h6 31.Ne4 Rf7 32.Rxf7 Kxf7 33.Rd1 Nd4 34.b4 Bf8 35.c5 Rd8 36.Kg2 g5
37.Rd2 Be7 38.Rb2 Ke8 39.f3 Kd7 40.Bf2 Kc6 41.Nc3 Rf8 42.Rd2 a5 43.Ne2 axb4
44.Bxd4 exd4 45.Nxd4+ Kd5 46.Nf5+ Kc4 47.Nxe7 b3 48.Ng6 Kc3 49.Rd1 Ra8 50.Ne5 Rxa4
51.c6 b6 52.f4 Rxf4 53.Rc1+ Kd2 54.Rb1 Kc2 55.Re1 b2 56.Re2+ Kc1  0-1

[Event "World op"]
[Site "Philadelphia"]
[Date "1988.??.??"]
[Round "?"]
[White "Browne, Walter S"]
[Black "Fishbein, Alexander"]
[Result "1/2-1/2"]
[WhiteElo "2530"]
[BlackElo "2435"]

1.d4 Nf6 2.c4 c5 3.d5 b5 4.Nf3 b4 5.Nbd2 d6 6.e4 g6 7.b3 Bg7 8.Bb2 a5 9.a4 O-O
10.Bd3 Ra7 11.Qc2 e6 12.O-O-O exd5 13.exd5 Re8 14.h3 Nh5 15.g3 Bxb2+ 16.Qxb2 Qf6
17.Rde1 Rae7 18.Rxe7 Rxe7 19.Qxf6 Nxf6 20.Ng5 Re8 21.Ndf3 Re7 22.Nd2 Re5
23.Ndf3 Re7  1/2-1/2

[Event "American op"]
[Site "?"]
[Date "1989.??.??"]
[Round "5"]
[White "Fishbein, Alexander"]
[Black "Fedorowicz, John P"]
[Result "1-0"]
[WhiteElo "2490"]
[BlackElo "2505"]

1.e4 c5 2.Nf3 d6 3.d4 cxd4 4.Nxd4 Nf6 5.Nc3 Nc6 6.Be2 e5 7.Nf3 h6 8.O-O Be7
9.Re1 O-O 10.h3 Re8 11.Bf1 Bf8 12.a3 a6 13.Be3 b5 14.a4 b4 15.Nd5 Nxd5 16.exd5 Ne7
17.a5 Bb7 18.Bc4 Qd7 19.Bb3 e4 20.Ba4 Qf5 21.Nd4 Qxd5 22.Bxe8 Rxe8 23.Qd2 Qc4
24.b3 Qc3 25.Ra4 Qc8 26.Rxb4 f5 27.Ne2 Kh7 28.Rc4 Qd7 29.Bb6 Nc6 30.Rd1 Re5
31.Bc5 Re6 32.Nf4 Re8 33.Bb6 Re5 34.Qc3 Qe8 35.Rd5 g5 36.Rxe5 dxe5 37.Nd5 Qe6
38.Qd2 Bg7 39.Nc7 Qe7 40.Nxa6 Nd4 41.Bxd4 Bxa6 42.Bc5 Qf7 43.Rb4 f4 44.Qd6 Be2
45.Rxe4  1-0

[Event "American op"]
[Site "?"]
[Date "1989.??.??"]
[Round "7"]
[White "Fishbein, Alexander"]
[Black "Browne, Walter S"]
[Result "0-1"]
[WhiteElo "2490"]
[BlackElo "2535"]

1.e4 c5 2.Nf3 d6 3.d4 cxd4 4.Nxd4 Nf6 5.Nc3 a6 6.a4 e6 7.Be2 Be7 8.O-O O-O
9.f4 Qc7 10.Kh1 Nc6 11.Be3 Re8 12.Bf3 Rb8 13.g4 Nd7 14.g5 Bf8 15.Bg2 Na5
16.Rf3 Nc4 17.Bc1 e5 18.Nf5 exf4 19.Bxf4 Nce5 20.Rh3 g6 21.Nd5 Qd8 22.Nh6+ Bxh6
23.Rxh6 b5 24.Ra3 Kg7 25.Qe1 Rh8 26.Qh4 bxa4 27.Bxe5+ dxe5 28.Rh3 Nf8 29.Rxg6+ fxg6
30.Qh6+ Kg8 31.Rf3 Ne6 32.Bf1 Nd4 33.Nf6+ Kf7 34.Bc4+ Be6 35.Nh5+ Ke7 36.Qg7+ Kd6
37.Rf6 gxh5 38.c3 Qg8 39.Qa7 Qxg5 40.Qxa6+ Kc7 41.Qa5+ Rb6 42.Qc5+ Nc6 43.Rxe6 Qc1+  0-1

[Event "US op"]
[Site "Chicago"]
[Date "1989.??.??"]
[Round "6"]
[White "Fishbein, Alexander"]
[Black "Williams, Winston"]
[Result "1-0"]
[WhiteElo "2490"]
[BlackElo "2220"]

1.e4 e5 2.Nf3 Nc6 3.Bb5 Nf6 4.O-O Nxe4 5.d4 Be7 6.Qe2 Nd6 7.Bxc6 bxc6 8.dxe5 Nb7
9.Be3 Nc5 10.Re1 O-O 11.c4 Ne6 12.Nc3 f6 13.exf6 Bxf6 14.Ne4 Rb8 15.Rab1 d6
16.Red1 Bd7 17.b4 Qe8 18.Bxa7 Qg6 19.Nxf6+ Rxf6 20.Bxb8 Nf4 21.Qf1 Bh3 22.Nh4 Qg4
23.Rb3 Rh6 24.Rg3 Rxh4 25.Rxg4 Rxg4 26.Rd4 Rxg2+ 27.Qxg2 Nxg2 28.Bxc7 Ne1
29.Rxd6 Nf3+ 30.Kh1 Bg2+  1-0

[Event "Moscow-A"]
[Site "Moscow"]
[Date "1989.??.??"]
[Round "?"]
[White "Fishbein, Alexander"]
[Black "Murrey, Jacob"]
[Result "0-1"]
[WhiteElo "2490"]
[BlackElo "2560"]

1.e4 e5 2.Nf3 Nc6 3.Bb5 a6 4.Ba4 Nf6 5.O-O Nxe4 6.d4 b5 7.Bb3 d5 8.dxe5 Be6
9.Nbd2 Nc5 10.c3 g6 11.Qe2 Bg7 12.Nd4 Nxd4 13.cxd4 Nb7 14.Bc2 c5 15.f4 cxd4
16.Nb3 Qb6 17.Qf2 O-O 18.Nxd4 Na5 19.Bd3 Rac8 20.Be3 Nc4 21.Bxc4 Rxc4 22.f5 gxf5
23.Nxf5 Qd8 24.Nxg7 Kxg7 25.Qd2 Rg8 26.Bg5 Qb6+ 27.Kh1 Kf8 28.Bf6 Rg6 29.Rac1 d4
30.b3 Rxc1 31.Qxc1 Qb7 32.Rf2 Bh3 33.Bg5 Kg8 34.Qd2 Qe4 35.Re2 Qd5 36.Bf4 h5
37.Kg1 h4 38.g3 Bd7 39.Rf2 h3 40.Qc1 Bc6 41.Kf1 Re6 42.Qd1 Qe4 43.Qe1 Qxe1+
44.Kxe1 f6 45.Bc1 fxe5 46.Bb2 Be4 47.Ba3 Kg7 48.Bc5 Kg6 49.Rf8 Bg2 50.Ke2 Rf6
51.Rg8+ Kf5 52.g4+ Ke4 53.g5 Rf5 54.g6 Bf3+ 55.Kd2 Rg5 56.g7 Rg2+ 57.Kc1 a5
58.Bd6 a4 59.bxa4 bxa4 60.a3 Kd3 61.Re8 Rxg7 62.Rxe5 Rg1+ 63.Kb2 Rg2+ 64.Ka1 Rxh2
65.Rf5 Ke4 66.Rf4+  0-1

[Event "Moscow-A"]
[Site "Moscow"]
[Date "1989.??.??"]
[Round "?"]
[White "Fishbein, Alexander"]
[Black "Campora, Daniel H"]
[Result "1-0"]
[WhiteElo "2490"]
[BlackElo "2500"]

1.e4 e5 2.Nf3 Nc6 3.Bb5 a6 4.Ba4 Nf6 5.O-O Be7 6.Re1 b5 7.Bb3 d6 8.c3 O-O
9.d4 Bg4 10.Be3 exd4 11.cxd4 Na5 12.Bc2 Nc4 13.Bc1 c5 14.b3 Nb6 15.dxc5 dxc5
16.Nbd2 Re8 17.Bb2 Nfd7 18.e5 Bh5 19.Qe2 Nf8 20.a4 bxa4 21.bxa4 Ne6 22.Be4 Rb8
23.Bc3 Nd5 24.Bxd5 Qxd5 25.Qxa6 c4 26.Rab1 Rxb1 27.Rxb1 Nf4 28.Re1 Bxf3 29.gxf3 Qd3
30.Re3 Qf5 31.Qxc4 Rc8 32.Qf1 Qg6+ 33.Kh1 Nd5 34.Ne4 Nxe3 35.fxe3 Qb6 36.Qd3 Rd8
37.Bd4 Qb4 38.Nc3 Qb2 39.Ne2 Bc5 40.Qc4 Bxd4 41.exd4 Qd2 42.e6 fxe6 43.Qxe6+ Kh8
44.Kg2 Qa5 45.Qe7 Ra8 46.Nf4 Qxa4 47.Qe5 Re8 48.Qh5 Qc2+ 49.Kg3 Re1 50.Qf7 Rg1+
51.Kh3 h6 52.d5 Kh7 53.Qe6 Qb1 54.Qe4+ Qxe4 55.fxe4 g5 56.Ne6 Rd1 57.Kg4 Kg6
58.Nf8+ Kg7 59.Nd7 Rg1+ 60.Kf5 Rh1 61.d6 Rxh2 62.Ne5 Rd2 63.Ke6 Rd1 64.d7 h5
65.Nc4 Rxd7 66.Kxd7 h4 67.Ne5 h3 68.Ng4 Kg6 69.Ke6  1-0

[Event "New York op"]
[Site "New York"]
[Date "1989.??.??"]
[Round "5"]
[White "Kovacevic, Vlatko"]
[Black "Fishbein, Alexander"]
[Result "1/2-1/2"]
[WhiteElo "2545"]
[BlackElo "2490"]

1.d4 f5 2.g3 Nf6 3.Bg2 g6 4.Nd2 Bg7 5.c3 O-O 6.Ngf3 c6 7.O-O d5 8.Ne5 Be6
9.Ndf3 Ne4 10.Bf4 Nd7 11.Nxd7 Qxd7 12.Qc1 Rfd8 13.Ne5 Qe8 14.Nd3 Bf7 15.Be5 Bf6
16.f3 Nd6 17.b3 Qf8 18.g4 h6 19.Kh1 Kh7 20.Bh3 fxg4 21.Bxg4 Qg8 22.Rg1 g5
23.a4 a5 24.Qf1 Be6 25.Qh3 Bxg4 26.Qxg4 b6 27.Raf1 Qg6 28.Bxd6 Rxd6 29.Nf4 Qf7
30.Qf5+ Kg8 31.Nh3 Qe6 32.Qxe6+ Rxe6 33.f4 Rxe2 34.fxg5 hxg5 35.Nxg5 Kg7
36.Nf3+ Kf7 37.Ne5+ Ke6 38.Nxc6 Kd6 39.Ne5 Bxe5 40.dxe5+ Rxe5 41.Re1 Rxe1
42.Rxe1 e5 43.Kg2 Rc8 44.Re3 e4 45.Rh3 Ke5 46.Kf2 Rc5 47.Ke2 b5 48.axb5 Rxb5
49.c4 Rb8 50.cxd5 Kxd5 51.Rh5+ Kd4 52.Rxa5 Rh8 53.Ra4+ Ke5 54.Ra7 Rxh2+ 55.Ke3 Rh3+  1/2-1/2